Представление документа в формате RUSMARC

ПолеНазваниеЗначение
  Тип записи a
  Библиографический уровень m
001 Контрольный номер UONB/MAIN/828387bce45142e8b2e91eaa15b7009a
005 Дата корректировки 20260429165830.4
010 Индекс ISBN __
b Уточнения в пер.
d Цена 1 р. 50 к.
9 Тираж 45500 экз.
100 Данные общей обработки __
a Данные общей обработки 20260429d1965 u y0rusy0189 ca
101 Язык документа 0_
a Язык текста rus
102 Страна публикации __
a Страна публикации RU
105 Кодированные данные (монография) __
a Кодированные данные (монография) a z 001yy
200 Заглавие и сведения об ответственности 1_
a Заглавие Экран 1964
e Сведения, относящиеся к заглавию сборник
f Первые сведения об ответственности составление и интервью: М. Долинский и С. Черток
203 Вид содержания и тип средства __
a Вид содержания Текст
b Характеристика содержания визуальный
c Тип средства непосредственный
210 Выходные данные 1_
a Место издания Москва
c Издательство Искусство
d Дата издания 1965
215 Физическое описание __
a Объем 387 с.
c Иллюстрации/тип воспроизводства ил.
d Формат 16х22 см
320 Библиография __
a Библиография Фильмогр.: с. 359-380
606 Тематические рубрики 0_
a Основная рубрика Кино
j Формальный подзаголовок Сборники
610 Ключевые слова 0_
a Ключевые слова кино; киноискусство; советское кино
686 Индексы других классификаций __
a Классификационный индекс 85.37
2 Код системы rubbk
702 Вторичная интеллектуальная ответственность _1
a Фамилия Долинский
b Имя (инициалы) М.
4 Код отношения 220
702 Вторичная интеллектуальная ответственность _1
a Фамилия Черток
b Имя (инициалы) С.
4 Код отношения 220
801 Источник записи _0
a Страна RU
b Организация Ульяновская ОНБ
c Дата составления 20260429
g Правила каталогизации RCR
801 Источник записи _1
a Страна RU
b Организация Ульяновская ОНБ
c Дата составления 20260429
g Правила каталогизации RCR
901 Тип документа __
t Тип документа m
909 Создатель записи __
a Создатель записи Батталова
b Дата создания записи 20260429